000 00786nas a2200301 4500
001 BR2012007161
003 BR-BrBNA
005 20231205121231.0
007 ta
008 230509b bl.|||p| |||| 00| 00por d
040 _aBR-BrBNA
_bpor
_cBiblioteca Nacional de Agricultura
041 _a(Pt)
072 _aL73
100 1 _aGalera, P.D.
100 1 _aMartins, B. da C.
100 1 _aLaus, J.L.
100 1 _aBrooks, D.
245 1 _aCaratomicose em equinos
650 _aEQUINO
650 _aCERATITE
650 _aOLHO
650 _aFUNGO
650 _aMEDICAMENTO
650 _aCIRURGIA
773 0 _tCiência Rural (Brazil)
_xISSN 0103-8478
_g(Jul 2012), v. 42(7) p. 1223-1230
_wBR2012007161
909 _a202311
_bLúcia
_c55
_dLúcia Elande
942 _2AGRIS
_n0
_cANA
999 _c222471
_d222471